| 000 | 01562nam0a22003011 4500 | ||
|---|---|---|---|
| 001 | rc\4335593 | ||
| 005 | 20130416133757.9 | ||
| 021 |
_aRU _b[64-53343] |
||
| 035 | _a(NLR Aleph) 008213639 | ||
| 090 |
_a8112149 _c8112149 |
||
| 100 | _a20130416d1964 |||y0rusy50 ca | ||
| 101 | 0 | _arus | |
| 102 | _aRU | ||
| 105 | _aa bg ||||| | ||
| 200 | 1 |
_aЭлектрические машины постоянного тока единой серии П 1-22-го габаритов и двигатель-генераторы _eКаталог-справочник _fГос. ком. по электронике при Госплане СССР |
|
| 210 |
_aМосква _cВНИИЭМ. Отд-ние науч.-техн. информации, стандартизации и нормализации в электротехнике _d1964 |
||
| 215 |
_a226 с. _cил. _d30 |
||
| 300 | _aСост. указаны на обороте тит. л. | ||
| 606 |
_aЭлектрические машины постоянного тока _jКаталоги-справочники _2psbo |
||
| 606 |
_aДвигатели-генераторы _jКаталоги-справочники _2psbo |
||
| 700 | 1 |
_aГурин _bЯ. С. _gЯков Семенович _4220 |
|
| 701 | 1 |
_aКурочкин _bМ. Н. _gМихаил Николаевич _4220 |
|
| 712 | 0 | 2 |
_aВсесоюзный науч.-исслед. ин-т электромеханики _3RU\NLR\AUTH\8810162369 |
| 801 | 0 |
_aRU _bNLR _gpsbo |
|
| 801 | 1 |
_aRU _bELAR _2rusmarc |
|
| 852 |
_aNLR _jПт 20.11/4 |
||
| 942 | _cBOOK | ||
| 980 | _aNB | ||